Mass Communication theory and practice (Record no. 7156)
[ view plain ]
| 000 -LEADER | |
|---|---|
| fixed length control field | 00480 a2200181 4500 |
| 003 - CONTROL NUMBER IDENTIFIER | |
| control field | NUST |
| 038 ## - RECORD CONTENT LICENSOR | |
| Staff Name | A |
| 082 ## - DEWEY DECIMAL CLASSIFICATION NUMBER | |
| Classification number | 302.23 |
| 100 ## - MAIN ENTRY--PERSONAL NAME | |
| Personal name | Miskeen Ali Hijazi |
| 9 (RLIN) | 81578 |
| 245 ## - TITLE STATEMENT | |
| Title | Mass Communication theory and practice |
| Statement of responsibility, etc. | Miskeen Ali Hijazi |
| 260 ## - PUBLICATION, DISTRIBUTION, ETC. | |
| Place of publication, distribution, etc. | Lahore: |
| Name of publisher, distributor, etc. | A-ONE Publishers, |
| Date of publication, distribution, etc. | 2004. |
| 300 ## - PHYSICAL DESCRIPTION | |
| Extent | xvii, 349 p. |
| Dimensions | ; 23 cm. |
| 500 ## - GENERAL NOTE | |
| General note | Includes Index |
| 563 ## - BINDING INFORMATION | |
| Binding note | H.B |
| 650 ## - SUBJECT ADDED ENTRY--TOPICAL TERM | |
| Topical term or geographic name entry element | Mass--Media. |
| 9 (RLIN) | 116 |
| 700 ## - ADDED ENTRY--PERSONAL NAME | |
| Personal name | G. M. Naqqash. |
| 9 (RLIN) | 81579 |
| 942 ## - ADDED ENTRY ELEMENTS (KOHA) | |
| Koha item type | Book |
| Call number prefix | 301.161 MIS |
| Source of classification or shelving scheme | |
| Withdrawn status | Lost status | Source of classification or shelving scheme | Damaged status | Not for loan | Permanent Location | Current Location | Shelving location | Date acquired | Source of acquisition | Cost, normal purchase price | Total Checkouts | Full call number | Barcode | Date last seen | Date last checked out | Price effective from | Koha item type |
|---|---|---|---|---|---|---|---|---|---|---|---|---|---|---|---|---|---|
| Central Library (CL) | Central Library (CL) | General Stacks | 05/07/2008 | Donation | 0.00 | 1 | 302.23 HIJ | SEECS009095 | 06/22/2020 | 03/17/2020 | 01/05/2017 | Book | |||||
| Central Library (CL) | Central Library (CL) | General Stacks | 05/07/2008 | Donation | 0.00 | 1 | 302.23 HIJ | SEECS009096 | 08/31/2015 | 11/12/2014 | 01/05/2017 | Book |
